1092 1210 1481 1658 1151 1841 1105 1736 1519 1939 1649 1858 1280 1788 1148 1839 1665 1907 1005 1448 1917 1962 1397 1436 1200 1227 1854 1415 1240 1775 1153 1631 1664 1964 1101 1827 1701 1039 1485 1012 1849 1535 1324 1837 1152 1954 1225 1124 1121 1559 1500 1240 1173 1298 1755 1344 1551 1306 1830 1439 1754 1288 1977 1870 1500 1321 1813 1201 1842 1645 1811 1200 1869 1235 1649 1680 1067 1383 1379 1142 1680 1880 1025 1479 1580 1463 1112 1752 1170 1679 1662 1222 1325 1774 1858 1585 1380 1030 1546 BCNSPRNW ULIB Ver.6.0+V

เปลี่ยนเป็นภาษาไทย

Change to English
 แสดงรายละเอียดบรรณานุกรม
  กลับหน้าหลัก

Brief Record : Get Marc (ISO 2709) : E-mail record : QR code < ปิดหน้าต่าง
LEADER : 00000nam 2200000uu 4500
001    13399109301
003     ULIB
008    110324s2546||||th 000 0 tha d
020    9744652721
060 04 WA546.JT3^bส412ร 2546
110 1  กระทรวงสาธารณสุข^bกรมสนับสนุนบริการสุขภาพ.
245 10 แนวปฏิบัติบริการสุขภาพสำหรับศูนย์สุขภาพชุมชน:ด้านการส่งสริมสุขภาพ /^cกรมสนับสนุนบริการสุขภาพ.
260    นนทบุรี:^bกรมสนับสนุนบริการสุขภาพ,^c2546
300    112 หน้า ;^c30 ซม.
650  7 บริการสุขภาพ^xด้านจการรักษาพยาบาล
650  7 ศูนย์สุขภาพชุมชน
650  7 การส่งเสริมสุขภาพ
995    ทศพร
999 ^a ใช้งานได้ทุกระบบ
รายการนี้ยังไม่มีแท็ก
คุณยังไม่ได้ล็อกอิน คุณสามารถมีกิจกรรมร่วมกับเว็บไซต์ได้ แต่ต้องล็อกอินก่อน ::
  ล็อกอิน

รายการสื่อสารสนเทศ

ลำดับที่ ประเภท เลขเรียก/บาร์โค้ด สถานที่ สถานะ
- ไม่พบข้อมูล -

รายการใกล้เคียง
    หัวเรื่อง [ศูนย์สุขภาพชุมชน]
    หัวเรื่อง [การส่งเสริมสุขภาพ]

BibComment


ยังไม่เคยถูกคอมเมนท์

คอมเมนท์ทรัพยากรรายการนี้
  คอมเมนท์: แนวปฏิบัติบริการส..


 Copyright 2026. Bcnsprnw @Library